Innovación y periodismo. Nuevas prácticas para nuevos escenarios (Registro nro. 308671)
[ vista simple ]
| 000 -ENCABEZADO | |
|---|---|
| Número de control [NR] | 01098 a2200277 4500 |
| 005 - FECHA Y HORA DE LA ÚLTIMA TRANSACCIÓN | |
| control field | 20171124122735.0 |
| 008 - DE LONGITUD FIJA DE DATOS DE ELEMENTOS - INFORMACIÓN GENERAL | |
| Elementos de longitud fija [NR] | 171124s2017 ck ||||| |||| 00| 0 spa d |
| 020 ## - NUMERO INTERNACIONAL NORMALIZADO PARA LIBROS [R] | |
| Número Internacional Normalizado del libro [NR] | 9789587389470 |
| 020 ## - NUMERO INTERNACIONAL NORMALIZADO PARA LIBROS [R] | |
| Número Internacional Normalizado del libro [NR] | 9789587389487 |
| 020 ## - NUMERO INTERNACIONAL NORMALIZADO PARA LIBROS [R] | |
| Número Internacional Normalizado del libro [NR] | 9789587389494 |
| 040 ## - FUENTE DE CATALOGACION [NR] | |
| Agencia de catalogación original [NR] | CO-BoUCM |
| Idioma de catalogación [NR] | spa |
| Quien Cataloga | Saul Niño |
| Quien Clasifica | Saul Niño |
| 041 0# - CODIGO DE IDIOMA [R] | |
| Código de idioma para texto/pista de sonido o título separado [R] | Español |
| 245 00 - MENCION DE TITULO [NR] | |
| Título [NR] | Innovación y periodismo. Nuevas prácticas para nuevos escenarios |
| Mención de responsabilidad, etc. [NR] | Daniel Barredo Ibáñez, Juliana Colussi y Germán Ortiz Leiva, editores |
| 260 ## - PUBLICACION, DISTRIBUCION, ETC. (PIE DE IMPRENTA) [R] | |
| Lugar de publicación, distribución, etc. [R] | Bogotá (Colombia) |
| Nombre del editor, distribuidor, etc. [R] | Editorial Universidad del Rosario |
| Fecha de publicación, distribución, etc. [R] | 2017 |
| 300 ## - DESCRIPCION FISICA [R] | |
| Extensión [R] | xv, 175 páginas |
| 490 0# - MENCION DE SERIE [R] | |
| Mención de serie [R] | Textos de Ciencias Humanas |
| 650 17 - ASIENTO SECUNDARIO DE MATERIA - TERMINO TEMATICO [R] | |
| Término temático o nombre geográfico como elemento de entrada [NR] | Medios de comunicación de masas |
| Subdivisión general [R] | Innovaciones tecnológicas |
| 9 (RLIN) | 33581 |
| 650 #7 - ASIENTO SECUNDARIO DE MATERIA - TERMINO TEMATICO [R] | |
| 9 (RLIN) | 21349 |
| Término temático o nombre geográfico como elemento de entrada [NR] | Periodismo en internet |
| 650 #7 - ASIENTO SECUNDARIO DE MATERIA - TERMINO TEMATICO [R] | |
| 9 (RLIN) | 22379 |
| Término temático o nombre geográfico como elemento de entrada [NR] | Proceso de paz |
| 650 #7 - ASIENTO SECUNDARIO DE MATERIA - TERMINO TEMATICO [R] | |
| 9 (RLIN) | 24293 |
| Término temático o nombre geográfico como elemento de entrada [NR] | Servicios de información |
| Subdivisión geográfica [R] | Colombia |
| 700 10 - ASIENTO SECUNDARIO - NOMBRE PERSONAL [R] | |
| Nombre personal [NR] | Barredo Ibáñez, Daniel |
| Término de relación [R] | editor |
| 9 (RLIN) | 89405 |
| 700 10 - ASIENTO SECUNDARIO - NOMBRE PERSONAL [R] | |
| Nombre personal [NR] | Colussi, Juliana |
| Término de relación [R] | editor |
| 9 (RLIN) | 89406 |
| 700 10 - ASIENTO SECUNDARIO - NOMBRE PERSONAL [R] | |
| Nombre personal [NR] | Ortiz Leiva, Germán |
| Término de relación [R] | editor |
| 9 (RLIN) | 89407 |
| 942 ## - ELEMENTOS DE ENTRADA AGREGADOS (KOHA) | |
| Tipo de ítem principal el descrito en 300a | Edición Rosarista |
| Sistema de clasificación | DEWEY |
| Tema principal | Generalidades |
| Edición | 1 |
| Clasificación | 070.4 |
| Parte restante de la signatura top. | I584p |
| Fecha de último préstamo | Total préstamos | Total Renewals | Signatura topográfica | Código de barras | Última vez visto | Ejemplar | Costo de reposición | Price effective from | Tipo de ítem | Perdido | Sistema de clasificación | Dañado | No prestable | Tipo de ítem específico | Suprimido | Ubicación habitual | Ubicación actual | Localización | Fecha de creación | Proveedor | Forma de adquisición | Costo |
|---|---|---|---|---|---|---|---|---|---|---|---|---|---|---|---|---|---|---|---|---|---|---|
| 22/01/2026 | 3 | 1 | 070.4 I584p | 100155875 | 22/01/2026 | Ej.3 | 36000.00 | 16/11/2017 | Libro | DEWEY | Libro | Claustro | Claustro | 2do piso | 16/11/2017 | 45 | Compra | 36000.00 | ||||
| 17/09/2022 | 3 | 2 | 070.4 I584p | 100155876 | 05/12/2025 | Ej.4 | 36000.00 | 16/11/2017 | Libro | DEWEY | Libro | Claustro | Claustro | 2do piso | 16/11/2017 | 45 | Compra | 36000.00 | ||||
| 070.4 I584p | 100155873 | 03/12/2025 | Ej.1 | 36000.00 | 16/11/2017 | Edición Rosarista | DEWEY | Libro Edición Rosarista | Claustro | Claustro | 4to piso | 16/11/2017 | 45 | Compra | 36000.00 | |||||||
| 09/02/2023 | 2 | 4 | 070.4 I584p | 100155874 | 05/12/2025 | Ej.2 | 36000.00 | 16/11/2017 | Libro | DEWEY | Libro | Claustro | Claustro | 2do piso | 16/11/2017 | 45 | Compra | 36000.00 |